<?xml version="1.0" encoding="UTF-8"?>
<record
    xmlns:xsi="http://www.w3.org/2001/XMLSchema-instance"
    xsi:schemaLocation="http://www.loc.gov/MARC21/slim http://www.loc.gov/standards/marcxml/schema/MARC21slim.xsd"
    xmlns="http://www.loc.gov/MARC21/slim">

  <leader>01023cam a2200301 ib4500</leader>
  <controlfield tag="001">005719992</controlfield>
  <controlfield tag="003">YEEZEN</controlfield>
  <controlfield tag="005">20260109151323.0</controlfield>
  <controlfield tag="008">250923s2025    ch ak  g b    000 0 chi d</controlfield>
  <datafield tag="020" ind1=" " ind2=" ">
    <subfield code="a">9786263961081</subfield>
    <subfield code="q">(&#x5E73;&#x88DD;) :</subfield>
    <subfield code="c">&#x65B0;&#x81FA;&#x5E63;420&#x5143;</subfield>
  </datafield>
  <datafield tag="040" ind1=" " ind2=" ">
    <subfield code="a">NTL</subfield>
    <subfield code="b">chi</subfield>
    <subfield code="c">NTL</subfield>
    <subfield code="e">ccr</subfield>
  </datafield>
  <datafield tag="042" ind1=" " ind2=" ">
    <subfield code="a">nbic</subfield>
  </datafield>
  <datafield tag="084" ind1=" " ind2=" ">
    <subfield code="a">417.1</subfield>
    <subfield code="2">ncsclt</subfield>
  </datafield>
  <datafield tag="090" ind1=" " ind2=" ">
    <subfield code="a">417.1</subfield>
  </datafield>
  <datafield tag="100" ind1="1" ind2=" ">
    <subfield code="a">&#x5433;&#x4F73;&#x9D3B;</subfield>
  </datafield>
  <datafield tag="245" ind1="1" ind2="0">
    <subfield code="a">&#x5225;&#x6015;&#x8377;&#x723E;&#x8499; &#x59B3;&#x6297;&#x8870;&#x9632;&#x75C5;&#x7684;&#x95DC;&#x9375; :</subfield>
    <subfield code="b">&#x5168;&#x9762;&#x89E3;&#x6790;&#x66F4;&#x5E74;&#x671F;&#x75C7;&#x72C0; &#x5FC3;&#x8840;&#x7BA1;&#x5065;&#x5EB7; &#x5931;&#x667A;&#x75C7; &#x9AA8;&#x8CEA;&#x758F;&#x9B06; &#x5FC3;&#x7406;&#x5065;&#x5EB7; &#x4E73;&#x764C;&#x8FF7;&#x601D; /</subfield>
    <subfield code="c">&#x5433;&#x4F73;&#x9D3B;&#x8457;</subfield>
  </datafield>
  <datafield tag="246" ind1="3" ind2="0">
    <subfield code="a">&#x5168;&#x9762;&#x89E3;&#x6790;&#x66F4;&#x5E74;&#x671F;&#x75C7;&#x72C0; &#x5FC3;&#x8840;&#x7BA1;&#x5065;&#x5EB7; &#x5931;&#x667A;&#x75C7; &#x9AA8;&#x8CEA;&#x758F;&#x9B06; &#x5FC3;&#x7406;&#x5065;&#x5EB7; &#x4E73;&#x764C;&#x8FF7;&#x601D;</subfield>
  </datafield>
  <datafield tag="250" ind1=" " ind2=" ">
    <subfield code="a">&#x521D;&#x7248;</subfield>
  </datafield>
  <datafield tag="260" ind1=" " ind2=" ">
    <subfield code="a">&#x81FA;&#x5317;&#x5E02; :</subfield>
    <subfield code="b">&#x6642;&#x5831;&#x6587;&#x5316;,</subfield>
    <subfield code="c">2025.02</subfield>
  </datafield>
  <datafield tag="300" ind1=" " ind2=" ">
    <subfield code="a">343&#x9762; :</subfield>
    <subfield code="b">&#x5716;, &#x8868; ;</subfield>
    <subfield code="c">21&#x516C;&#x5206;</subfield>
  </datafield>
  <datafield tag="490" ind1="1" ind2=" ">
    <subfield code="a">Care(&#x6642;&#x5831;) ;</subfield>
    <subfield code="v">VH00087.</subfield>
  </datafield>
  <datafield tag="504" ind1=" " ind2=" ">
    <subfield code="a">&#x53C3;&#x8003;&#x66F8;&#x76EE; : &#x9762;322-343.</subfield>
  </datafield>
  <datafield tag="650" ind1=" " ind2="7">
    <subfield code="a">&#x6FC0;&#x7D20;</subfield>
    <subfield code="2">lcstt.</subfield>
  </datafield>
  <datafield tag="650" ind1=" " ind2="7">
    <subfield code="a">&#x5A66;&#x5973;&#x5065;&#x5EB7;</subfield>
    <subfield code="2">lcstt.</subfield>
  </datafield>
  <datafield tag="650" ind1=" " ind2="7">
    <subfield code="a">&#x4FDD;&#x5065;&#x5E38;&#x8B58;</subfield>
    <subfield code="2">lcstt.</subfield>
  </datafield>
  <datafield tag="830" ind1=" " ind2="0">
    <subfield code="a">Care(&#x6642;&#x5831;)</subfield>
    <subfield code="v">VH00087.</subfield>
  </datafield>
  <datafield tag="942" ind1=" " ind2=" ">
    <subfield code="2">ccl</subfield>
    <subfield code="c">BOOK</subfield>
  </datafield>
  <datafield tag="999" ind1=" " ind2=" ">
    <subfield code="c">7682</subfield>
    <subfield code="d">7682</subfield>
  </datafield>
  <datafield tag="952" ind1=" " ind2=" ">
    <subfield code="0">0</subfield>
    <subfield code="1">0</subfield>
    <subfield code="2">ccl</subfield>
    <subfield code="4">0</subfield>
    <subfield code="7">0</subfield>
    <subfield code="a">yeezen</subfield>
    <subfield code="b">yeezen</subfield>
    <subfield code="c">YEEZEN</subfield>
    <subfield code="d">2026-01-09</subfield>
    <subfield code="l">4</subfield>
    <subfield code="m">2</subfield>
    <subfield code="o">417.1</subfield>
    <subfield code="p">C03268</subfield>
    <subfield code="q">2026-05-06</subfield>
    <subfield code="r">2026-04-08 00:00:00</subfield>
    <subfield code="s">2026-04-08</subfield>
    <subfield code="w">2026-01-09</subfield>
    <subfield code="y">BOOK</subfield>
    <subfield code="z">&#x91D0;&#x6E05;&#x8377;&#x723E;&#x8499;&#x7684;&#x771F;&#x76F8;&#xFF0C;&#x91CD;&#x5851;&#x59B3;&#x7684;&#x5065;&#x5EB7;&#x89C0; &#xFF3C;&#x6539;&#x5584;&#x75C7;&#x72C0;&#xFF0F;&#xFF3C;&#x9810;&#x9632;&#x75BE;&#x75C5;&#xFF0F;&#xFF3C;&#x63D0;&#x5347;&#x751F;&#x6D3B;&#x54C1;&#x8CEA;&#xFF0F; &#x5225;&#x8B93;&#x932F;&#x8AA4;&#x89C0;&#x5FF5;&#x8207;&#x4E0D;&#x5FC5;&#x8981;&#x7684;&#x6050;&#x61FC;&#xFF0C;&#x963B;&#x7919;&#x4E86;&#x59B3;&#x8FFD;&#x6C42;&#x5065;&#x5EB7;&#x7684;&#x6B0A;&#x5229;&#xFF01;</subfield>
  </datafield>
</record>
